000 00769nam a2200253Ia 4500
003 OSt
005 20220924124217.0
006 a|||||r|||| 00| 0
007 ta
008 220923b |||||||| |||| 00| 0 urd d
020 _c134
024 _a291076
037 _b4689, 09/03/2016, Kitabi Duniya
_cTextual
040 _aARTS
_cARTS
_burd
041 _2urd
_aurd
082 _aX:75.2, 168N9
100 _aGhosh. Alok Au.
_9195195
245 0 _aHindustani maishat
260 _aNew Delhi
_b National Council for Promotion of Urdu Language India
_c1999
300 _a669p.
_ccm.
650 _aPUBLIC FINANCE - INDIA
_9185151
942 _hX:75.2, 168N9
_cTEXL
_2CC
999 _c418826
_d418826